000 01303cam a22002054a 4500
005 20250605164059.0
008 250528s ||||||||||||||||||||||||d
035 _a17570
020 _a9789603841074
040 _aGR-AtMCL
_bgre
_dGR-AtMCL
_eAACR2
245 1 _aΟι Αριθμοί ...Πέρα Απ' τους Κανόνες
250 _a
260 _bΔιερευνητική Μάθηση, Α. Ε,
_c2012
300 _a144
520 _aΣτόχος του παρόντος βιβλίου είναι η αποκάλυψη της λογικής που συχνά ''κρύβουν'' οι έννοιες, οι διαδικασίες και οι κανόνες των μαθηματικών, η κατανόηση και η εμβάθυνση εννοιών, καθώς και η μεταξύ τους σχέση. Πρόλογος, Κατανόηση και Δομή του Δεκαδικού Συστήματος, Στρατηγικές Πρόθεσης, Στρατηγικές Αφαίρεσης, Στρατηγικές Πολλαπλασιασμού, Στρατηγικές Διαίρεσης, Τα Κλάσματα, Επίλυση Προβλημάτων, Επίλογος.
700 1 _aΚαραγιαννάκης Γιάννης
_93730
942 _cBK
999 _c2974
_d2974